|
|
|
|
| LEADER |
00000cam a2200000 i 4500 |
| 001 |
102230 |
| 003 |
Ucuenca |
| 005 |
20230317062624.0 |
| 006 |
a||||gr|||| 001 0 |
| 007 |
ta |
| 008 |
992050t19761976||||||||r|||||||1|0 spa|a |
| 999 |
|
|
|c 22561
|d 22561
|
| 040 |
|
|
|b spa
|a UCuenca-cdrjbv
|c UCuenca
|e rda
|
| 041 |
1 |
|
|a spa
|h eng
|
| 082 |
0 |
|
|a 364
|2 22
|c 102230
|
| 100 |
1 |
|
|a David, Pedro R.
|9 41633
|e autor
|
| 240 |
|
|
|a The World of the Burglar; Five Criminal Lives.
|l Inglés
|
| 245 |
1 |
3 |
|a El Mundo del delincuente:
|b cinco casos criminológicos /
|c Pedro R. David, Traducido por Guillermo Rafael Navarro.
|
| 264 |
|
1 |
|a Buenos Aires:
|b Editorial Astrea,
|c 1976.
|
| 264 |
|
4 |
|c ©1976
|
| 300 |
|
|
|a 255 páginas:
|c 23 cm
|
| 336 |
|
|
|2 rdacontent
|a texto
|b txt
|
| 337 |
|
|
|2 rdamedia
|a no mediado
|b n
|
| 338 |
|
|
|2 rdacarrier
|a volumen
|b nc
|
| 504 |
|
|
|a incl. ape.
|
| 505 |
1 |
|
|a Introducción sobre la perspectiva del delincuente -- Jack -- Modesto -- Ralph -- Soledad -- Francisco.
|
| 650 |
1 |
7 |
|a Delincuentes
|9 32287
|2 Ucuenca-cdrjbv
|
| 650 |
1 |
7 |
|a Crimen
|9 17159
|2 Ucuenca-cdrjbv
|
| 650 |
1 |
7 |
|a Delitos
|9 15739
|2 Ucuenca-cdrjbv
|
| 650 |
1 |
4 |
|a Criminología
|9 2568
|
| 700 |
1 |
|
|a Navarro, Guillermo Rafael
|9 239046
|
| 852 |
|
|
|a UC-CDJBV
|f Compra
|l 1
|m General
|p 19920507
|q 17190
|t 102230
|y 11436
|b 0
|d CDRC
|e CDRC
|g 364 PRIMER PISO
|z 1992-20-50
|
| 942 |
|
|
|c BK
|0 2
|2 ddc
|z luis.lescanob@ucuenca.edu.ec
|